| 000 | 004730000a22001810004500 | ||
|---|---|---|---|
| 003 | MACL | ||
| 005 | 20160124130437.0 | ||
| 008 | 160124b xxu||||| |||| 00| 0 eng d | ||
| 040 |
_aMACL _cMACL |
||
| 041 | _aEnglish | ||
| 082 | _a610/RBH | ||
| 100 |
_aRamesh Publishing House _926818 |
||
| 245 | _aAFMC-Pune Medical Entrance Examination | ||
| 260 |
_bRamesh Publishing House _aNew Delhi |
||
| 350 | _a75 | ||
| 650 |
_aMedical Science _934483 |
||
| 942 |
_cBK _k610/RPH _2ddc |
||
| 999 |
_c32161 _d32161 |
||